000 00676nam a22002177a 4500
003 UA-OsUOA
001 110582
007 ta
008 20150324b un ||||| |||| 00| 0 ukr d
100 _aГригор'єв О.
090 _a82
_bГ83
942 _cSA
040 _aUA-OsUOA
_bukr
_cUA-OsUOA
_dUA-OsUOA
245 _aСтилістична роль риторичних запитань у структурі публіцистичного дискурсу Миколи Хвильового
300 _aС.31-36
955 _a0
041 _aukr
080 _a82
773 0 _w110576
650 7 _a82 Література. Літературознавство
_2UDC
999 _c396732
_d396732